| 000 | 01304cam a2200313 a 4500 | ||
|---|---|---|---|
| 001 | 4522735 | ||
| 005 | 20170105102857.0 | ||
| 008 | 990618s2000 nyua bk 001 0 eng | ||
| 010 | _a 99036013 | ||
| 020 | _a0521632684 (hb.) | ||
| 020 | _a0521634474 (pk.) | ||
| 040 |
_aDLC _cDLC _dDLC |
||
| 042 | _apcc | ||
| 050 | 0 | 0 |
_aML3531 _b.K75 2000 |
| 082 | 0 | 0 |
_a782.421649 _221 |
| 100 | 1 | _aKrims, Adam. | |
| 245 | 1 | 0 |
_aRap music and the poetics of identity / _cAdam Krims. |
| 260 |
_aCambridge ; _aNew York : _bCambridge University Press, _c2000. |
||
| 300 |
_axii, 217 p. : _bill. ; _c24 cm. |
||
| 440 | 0 | _aNew perspectives in music history and criticism | |
| 504 | _aIncludes bibliographical references (p. 205-209), discography (p. 210-211), and index. | ||
| 650 | 0 |
_aRap (Music) _xHistory and criticism. |
|
| 856 | 4 | 1 |
_3Sample text _uhttp://www.loc.gov/catdir/samples/cam032/99036013.html |
| 856 | 4 | 1 |
_3Table of contents _uhttp://www.loc.gov/catdir/toc/cam024/99036013.html |
| 856 | 4 | 2 |
_3Publisher description _uhttp://www.loc.gov/catdir/description/cam0210/99036013.html |
| 906 |
_a7 _bcbc _corignew _d1 _eocip _f19 _gy-gencatlg |
||
| 942 |
_2ddc _cBK |
||
| 999 |
_c14552 _d14552 |
||